Deutsche Memes erkennen - Statistiken

Allgemein
  • Dieses Quiz wurde 660 mal gespielt
  • Das Durchschnittsergebnis liegt bei 12 aus 15
Antwortstatistiken
Frage Antwort % Korrekt
Was ist denn mit _________ los? Karsten
96%
Er hat mich von einer _______ runtergeschmissen! 1,50m hohen Kante
95%
Meine __________ verbrennen!!!! Chicken Nuggets
94%
Was haben Sie da unten in Ihrem Stutzen drin? Zigaretten
94%
Halt Stopp, es ist _______ im Haus! Obst
92%
Ich muss _____!! raus
92%
Sie haben doch bestimmt eine Liebste oder einen Liebsten? Ich weise diese Unterstellungen zurück..
89%
So, ________ ist fertig runtergeladen Forza
77%
Pizza -________!!!!!!! Peperoni
72%
Bist du die Nummer ____? 14
66%
Wo spielst du, welcher Verein? Levanti
66%
Das liegt an deinem scheiß ______man! Telefon
63%
Wir sind in _____, keiner kann was machen Lidl
59%
Ohohohoh, ein ___________ ! Strudel
55%
Ist Barkaleon dein ________? Lieblingslied
46%
Keine übereinstimmenden Quizze gefunden
Verteilung der Resultate
Anzahl Personen mit jedem Resultat
Perzentil nach korrekt beantworteten Fragen
Ihre Resultats-Entwicklung
Sie haben dieses Quiz noch nicht gespielt